THE BROKEN WINGS (Record no. 216803)
[ view plain ]
| 000 -LEADER | |
|---|---|
| fixed length control field | 00359nam a22001457a 4500 |
| 008 - FIXED-LENGTH DATA ELEMENTS--GENERAL INFORMATION | |
| fixed length control field | 260306b |||||||| |||| 00| 0 eng d |
| 020 ## - INTERNATIONAL STANDARD BOOK NUMBER | |
| International Standard Book Number | 978-80-273-3236-6 |
| 050 ## - LIBRARY OF CONGRESS CALL NUMBER | |
| Classification number | PS 3513 .I282 B7 2019 |
| Item number | 1 |
| 100 ## - MAIN ENTRY--PERSONAL NAME | |
| Personal name | GIBRAN,KAHLIL |
| 245 ## - TITLE STATEMENT | |
| Title | THE BROKEN WINGS |
| 300 ## - PHYSICAL DESCRIPTION | |
| Extent | 85P;ILL |
| 650 ## - SUBJECT ADDED ENTRY | |
| Topical term or geographic name entry element | THE BROKEN WINGS |
| 942 ## - ADDED ENTRY ELEMENTS (KOHA) | |
| Source of classification or shelving scheme | Library of Congress Classification |
| Koha item type | Long Loan Book |
| Withdrawn status | Lost status | Source of classification or shelving scheme | Damaged status | Not for loan | Collection | Home library | Current library | Shelving location | Date acquired | Inventory number | Total checkouts | Full call number | Barcode | Date last seen | Copy number | Price effective from | Koha item type |
|---|---|---|---|---|---|---|---|---|---|---|---|---|---|---|---|---|---|
| Library of Congress Classification | Arts & Social Sciences | Kisii University Library | Kisii University Library | On Display | 03/06/2026 | 111864 | PS 3513 .I282 B7 2019 | a001172 | 03/06/2026 | 1 | 03/06/2026 | Long Loan Book | |||||
| Library of Congress Classification | Arts & Social Sciences | Kisii University Library | Kisii University Library | On Display | 03/06/2026 | 111865 | PS 3513 .I282 B7 2019 | a001171 | 03/06/2026 | 2 | 03/06/2026 | Long Loan Book | |||||
| Library of Congress Classification | Arts & Social Sciences | Kisii University Library | Kisii University Library | On Display | 03/06/2026 | 111866 | PS 3513 .I282 B7 2019 | a001174 | 03/06/2026 | 3 | 03/06/2026 | Long Loan Book | |||||
| Library of Congress Classification | Arts & Social Sciences | Kisii University Library | Kisii University Library | On Display | 03/06/2026 | 111867 | PS 3513 .I282 B7 2019 | a001173 | 03/06/2026 | 4 | 03/06/2026 | Long Loan Book |